Základy účetnictví : (pro prezenční formu studia) /

Hlavní autor: Kraftová, Ivana, 1956-
Korporativní autor: Univerzita Pardubice. Ekonomicko-správní fakulta
Jazyk: Čeština
Vydáno: Pardubice : Univerzita Pardubice, 2003
Vydání: Vyd. 1.
Témata:
Externí odkaz: Digitalizovaný dokument
Fyzický popis: 96 s. : il. ; 24 cm
Knihy
Uloženo v:
LEADER 01510nam a2200361 a 4500
001 000655984
003 CZ BrMZK
005 20090326130723.0
007 ta
008 030304s2003 xr e p cze d
015 |a cnb001240950 
020 |a 80-7194-516-1  |q (brož.) 
035 |a (OCoLC)53261500 
040 |a BOA001  |b cze 
072 7 |a 657  |x Účetnictví  |2 Konspekt  |9 4 
072 7 |a 37.016  |x Učební osnovy. Vyučovací předměty. Učebnice  |2 Konspekt  |9 22 
080 |a 657  |2 MRF 
080 |a (075.8)  |2 MRF 
100 1 |a Kraftová, Ivana,  |d 1956-  |7 mzk2003169419  |4 aut 
245 1 0 |a Základy účetnictví :  |b (pro prezenční formu studia) /  |c Ivana Kraftová 
250 |a Vyd. 1. 
260 |a Pardubice :  |b Univerzita Pardubice,  |c 2003 
300 |a 96 s. :  |b il. ;  |c 24 cm 
504 |a Obsahuje bibliografii 
521 |a Určeno pro posluchače prezenčního studia Fakulty ekonomicko-správní Univerzity Pardubice 
650 0 7 |a účetnictví  |7 ph116911  |2 czenas 
655 7 |a učebnice vysokých škol  |7 fd133772  |2 czenas 
710 2 |a Univerzita Pardubice.  |b Ekonomicko-správní fakulta  |7 kn20010709381 
856 4 1 |u http://www.digitalniknihovna.cz/mzk/uuid/uuid:a562f980-71e6-11e2-89f6-005056827e51  |y Digitalizovaný dokument  |x NDK 
910 |a BOA001  |b 2-1112.316 
990 |a BK 
996 6 |b 2610183697  |c 2-1112.316  |l MZK  |r Sklad / do 1 hodiny  |n 0  |p p.v.  |w 000655984  |u 000010  |a 1  |e BOA001  |j MZK50  |s P 
996 7 |b 2610188601  |c 2-1112.316  |l MZK  |r Sklad / do 1 hodiny  |n 7  |p p.v.  |w 000655984  |u 000020  |a 1  |e BOA001  |j MZK50  |s A